<?xml version="1.0" encoding="UTF-8"?><?xml-stylesheet type="text/xsl" href="static/style.xsl"?><OAI-PMH xmlns="http://www.openarchives.org/OAI/2.0/" xmlns:xsi="http://www.w3.org/2001/XMLSchema-instance" xsi:schemaLocation="http://www.openarchives.org/OAI/2.0/ http://www.openarchives.org/OAI/2.0/OAI-PMH.xsd"><responseDate>2026-04-17T05:59:26Z</responseDate><request verb="GetRecord" identifier="oai:www.recercat.cat:2099.1/19754" metadataPrefix="marc">https://recercat.cat/oai/request</request><GetRecord><record><header><identifier>oai:recercat.cat:2099.1/19754</identifier><datestamp>2025-07-22T22:19:11Z</datestamp><setSpec>com_2072_1033</setSpec><setSpec>col_2072_452951</setSpec></header><metadata><record xmlns="http://www.loc.gov/MARC21/slim" xmlns:dcterms="http://purl.org/dc/terms/" xmlns:xsi="http://www.w3.org/2001/XMLSchema-instance" xmlns:doc="http://www.lyncode.com/xoai" xsi:schemaLocation="http://www.loc.gov/MARC21/slim http://www.loc.gov/standards/marcxml/schema/MARC21slim.xsd">
   <leader>00925njm 22002777a 4500</leader>
   <datafield ind2=" " ind1=" " tag="042">
      <subfield code="a">dc</subfield>
   </datafield>
   <datafield ind2=" " ind1=" " tag="720">
      <subfield code="a">Falcón Duran, Adrián</subfield>
      <subfield code="e">author</subfield>
   </datafield>
   <datafield ind2=" " ind1=" " tag="260">
      <subfield code="c">2013-07-16</subfield>
   </datafield>
   <datafield ind2=" " ind1=" " tag="520">
      <subfield code="a">La presente tesis diseña un sistema constructivo industrializado, a base de módulos&#xd;
tridimensionales completos, conforme a las necesidades de vivienda de interés social en&#xd;
México.&#xd;
En esta tesis se analizaran los diferentes tipos de vivienda de interés social que se han&#xd;
venido construyendo en México en los últimos años. Además, se estudiará cuales son los&#xd;
programas arquitectónicos, sistemas constructivos, materiales y grado de prefabricación que&#xd;
tienen las viviendas de interés social. Con lo anterior se podrán sacar conclusiones y ver&#xd;
cuales son las necesidades del nuevo sistema constructivo.&#xd;
En el desarrollo de la presente se verán cuales son los sistemas constructivos prefabricados&#xd;
que más se utilizan en la vivienda de interés social en México y se describirán cada uno de&#xd;
estos.&#xd;
En el capítulo cuarto se exponen tres ejemplos de modelos tridimensionales que se están&#xd;
realizando en el mundo y se intenta tomar una serie de pautas que puedan ser adaptadas a&#xd;
la construcción de vivienda de interés social.&#xd;
Teniendo toda la información analizada se obtendrán conclusiones y se desarrollará un&#xd;
programa para un módulo tridimensional base, el cual pueda crecer dependiendo de las&#xd;
necesidades de sus habitantes. Además de esto se crearán dos módulos que&#xd;
complementan al módulo base, se diseñarán sus uniones, instalaciones, cimentaciones,&#xd;
programas arquitectónicos, materiales y cerramientos; para así dar una propuesta de un&#xd;
nuevo tipo de vivienda en México.</subfield>
   </datafield>
   <datafield tag="653" ind2=" " ind1=" ">
      <subfield code="a">Àrees temàtiques de la UPC::Edificació::Materials de construcció::Nous materials de construcció</subfield>
   </datafield>
   <datafield tag="653" ind2=" " ind1=" ">
      <subfield code="a">Buildings, Prefabricated</subfield>
   </datafield>
   <datafield tag="653" ind2=" " ind1=" ">
      <subfield code="a">Public housing</subfield>
   </datafield>
   <datafield tag="653" ind2=" " ind1=" ">
      <subfield code="a">Edificis prefabricats</subfield>
   </datafield>
   <datafield tag="653" ind2=" " ind1=" ">
      <subfield code="a">Habitatge públic</subfield>
   </datafield>
   <datafield ind2="0" ind1="0" tag="245">
      <subfield code="a">Propuesta y diseño de un sistema modular para la construcción de viviendas de interés social en México</subfield>
   </datafield>
</record></metadata></record></GetRecord></OAI-PMH>